000 01450nam a2200253Ia 4500
003 Ost
005 20260507075449.0
008 260507s9999||||xx |||||||||||||| ||und||
020 _a7133389957
040 _cfsecg
041 _aara
082 _a370.1
100 _aعابد، رسمي علي
_eمؤلف
245 0 _aالعولمة و التربية /
_c رسمي علي عابد
250 _aطبعة 1
260 _aعمان:
_bدار جرير للنشر و التوزيع,
_c2008
300 _a375 صفحة؛
_bإيضاحات ؛
_c24 سم
504 _aبيبليوغرافيا ص.373
520 _aيتضمن هذا الكتاب موضوع العولمة والتربية حيث قسمه مؤلفه إلى ستة فصول بدأهم بتمهيد ثم الفصل الأول الحملة الجديدة من العولمة للقضاء على الاسلام ثم اتبعه بفصل ثاني أدوات العولمة والفصل الثالث عولمة عقيدة الرأس مالية وتأثيرها التربوي الفصل الرابع عولمة الرأس مالية الغربية لمفاهيم التاريخ ،الفصل الخامس عولمة مناهج اللغة والأدب ...رأس ماليا حسب المنهج الغربي الفصل السادس هحمة (عولمة)
653 _aالاقتصاد العالمي
653 _aالتربية--فلسفة
653 _aالعولمة
942 _cكتاب
999 _c44608
_d44608